| 000 | 00491nam a2200181Ia 4500 | ||
|---|---|---|---|
| 005 | 20250603144934.0 | ||
| 008 | 250603s9999 xx 000 0 und d | ||
| 020 | _a9781032419930 | ||
| 050 | _aR 855.3 .E97/ | ||
| 100 | _aEdited by Pratik Talukder, Ritesh Tandon, and Uttam Pal. | ||
| 245 | 0 | _aExploring medical biotechnology : in vivo, in vitro, in silico | |
| 260 | _aBoca Raton | ||
| 260 | _bCRC Press | ||
| 260 | _c2023 | ||
| 300 | _a737 p | ||
| 650 | _aBoca Raton | ||
| 942 | _cBK | ||
| 999 |
_c40398 _d40398 |
||